Subdivision capitals closest to Plzeň (CZ) - Statistics

General Stats
  • This quiz has been taken 24 times
  • The average score is 10 of 20
Answer Stats
Distance (km) Answer % Correct
2 84 Praha
89%
15 241 Brno
74%
5 147 Dresden
68%
13 222 München
68%
1 65 Karlovy Vary
63%
7 165 Liberec
63%
16 277 Wien
63%
8 173 Linz
58%
4 117 České Budějovice
53%
10 182 Hradec Králové
53%
17 279 Olomouc
53%
9 175 Pardubice
53%
12 218 Salzburg
53%
3 112 Ústí nad Labem
47%
6 164 Jihlava
42%
20 296 Potsdam
21%
19 291 Magdeburg
16%
14 237 Sankt Pölten
16%
11 216 Erfurt
11%
18 286 Zielona Góra
5%
No matching quizzes found
Score Distribution
Percent of People with Each Score
Percentile by Number Answered
Your Score History
You have not taken this quiz